Name the Depeche Mode album from the first 3 tracks - Statistics

General Stats
  • This quiz has been taken 239 times
    175 since last reset
  • The average score is 12 of 15
Answer Stats
Hint Answer % Correct
Black Celebration, Fly on the Windscreen - Final, A Question of Lust Black Celebration
94%
World in my Eyes, Sweetest Perfection, Personal Jesus Violator
94%
Never Let Me Down Again, The Things You Said, Strangelove Music For The Masses
89%
My Cosmos is Mine, Wagging tongue, Ghosts Again Memento Mori
83%
I Feel You, Walking In My Shoes, Condemnation Songs of Faith and Devotion
83%
New Life, Sometimes I Wish I Was Dead, Puppets Speak and Spell
83%
Barrel of a Gun, The Love Thieves, Home Ultra
83%
Dream on, Shine, The Sweetest Condition Exciter
82%
Love in Itself, More Than a Party, Pipeline Construction Time Again
80%
A Pain That I am Used To, John The Revelator, Suffer Well Playing The Angel
79%
Going Backwards, Where's the Revolution, The Worst Crime Spirit
79%
Something to Do, Lie to Me, People are People Some Great Reward
78%
Leave in Silence, My Secret Garden, Monument A Broken Frame
74%
Welcome to my World, Angel, Heaven Delta Machine
74%
In Chains, Hole to Feed, Wrong Sounds of the Universe
68%
No matching quizzes found
Score Distribution
Percent of People with Each Score
Percentile by Number Answered
Your Score History
You have not taken this quiz since the last reset